[Event "X Sants Open"]
[Site "Barcelona ESP"]
[Date "2008.08.31"]
[Round "10"]
[White "Radulski, J."]
[Black "Hernandez Carmenates, Hold"]
[Result "1/2-1/2"]
[WhiteElo "2516"]
[BlackElo "2582"]
[PlyCount "132"]
[EventDate "2008.08.22"]
[SourceDate "1999.07.01"]

1. e4 c5 2. Nf3 d6 3. d4 cxd4 4. Nxd4 Nf6 5. Nc3 a6 6. Bg5 e6 7. f4 Nbd7 8. Qf3
Qc7 9. O-O-O b5 10. Bxf6 Nxf6 11. e5 Bb7 12. Qe3 dxe5 13. Ncxb5 Qb6 14. fxe5
Nd5 15. Qb3 O-O-O 16. Nd6+ Bxd6 17. Qxb6 Nxb6 18. exd6 Rxd6 19. Be2 Rhd8 20.
Nb3 Rxd1+ 21. Rxd1 Rxd1+ 22. Kxd1 Na4 23. Kd2 Kc7 24. Na5 Bxg2 25. b4 g5 26.
Bxa6 f5 27. c4 h5 28. c5 h4 29. Bb5 g4 30. Bxa4 h3 31. b5 g3 32. b6+ Kc8 33.
Bb5 Be4 34. c6 gxh2 35. Ba6+ Kd8 36. c7+ Ke7 37. c8=Q h1=Q 38. Qc7+ Kf6 39.
Qd8+ Kf7 40. b7 Qh2+ 41. Be2 Qf4+ 42. Kc3 Qc1+ 43. Kb4 Bxb7 44. Qd7+ Kf6 45.
Qd4+ Kg5 46. Qd8+ Kg6 47. Qg8+ Kf6 48. Qh8+ Kg6 49. Qh5+ Kg7 50. Nxb7 Qb2+ 51.
Kc5 Qxb7 52. Qg5+ Kh7 53. Qh4+ Kg7 54. Qg3+ Kf6 55. Qh4+ Kg7 56. Qd4+ Kg6 57.
Qe5 Qa7+ 58. Kd6 Qa3+ 59. Kd7 Qxa2 60. Qg3+ Kf6 61. Qh4+ Ke5 62. Qg3+ f4 63.
Qg7+ Ke4 64. Qg6+ Ke5 65. Qg7+ Ke4 66. Qg6+ Ke5 1/2-1/2

[Event "InventiChess GM"]
[Site "Antwerp BEL"]
[Date "2008.08.27"]
[Round "5"]
[White "Lahno, Kateri"]
[Black "Bu Xiangzhi"]
[Result "1/2-1/2"]
[WhiteElo "2507"]
[BlackElo "2710"]
[PlyCount "78"]
[EventDate "2008.08.23"]
[SourceDate "1999.07.01"]

1. e4 c5 2. Nf3 d6 3. d4 cxd4 4. Nxd4 Nf6 5. Nc3 a6 6. Bg5 e6 7. f4 Qb6 8. Qd3
Nc6 9. Bxf6 gxf6 10. Nb3 Bd7 11. Be2 h5 12. Rf1 O-O-O 13. O-O-O Be7 14. Qh3 Na5
15. Kb1 Kb8 16. f5 Rc8 17. fxe6 Bxe6 18. Nd5 Qxb3 19. Qxb3 Nxb3 20. Nxe7 Rce8
21. axb3 Rxe7 22. Rxd6 Rg8 23. g3 h4 24. gxh4 Rg2 25. Bd3 Rxh2 26. Rd8+ Ka7 27.
Rh8 Rd7 28. h5 Bxb3 29. h6 Rd4 30. h7 Bc4 31. Rc8 Bxd3 32. cxd3 Rxh7 33. Rxf6
Rxd3 34. Rc7 Rh1+ 35. Ka2 Rd4 36. Rfxf7 Rb4 37. Rc3 Rxe4 38. Rb3 Ra4+ 39. Ra3
Rb4 1/2-1/2

[Event "8th Savaria Summer GM"]
[Site "Szombathely HUN"]
[Date "2008.08.21"]
[Round "8"]
[White "Vovk, Y."]
[Black "Szabo, Krisz1"]
[Result "1-0"]
[WhiteElo "2549"]
[BlackElo "2510"]
[PlyCount "59"]
[EventDate "2008.08.14"]
[SourceDate "1999.07.01"]

1. e4 c5 2. Nf3 d6 3. d4 cxd4 4. Nxd4 Nf6 5. Nc3 a6 6. Bc4 e6 7. Bb3 b5 8. Qf3
Bb7 9. O-O Nbd7 10. Re1 Nc5 11. Bd5 Qd7 12. b4 Na4 13. Nxa4 bxa4 14. c4 Be7 15.
Bxb7 Qxb7 16. b5 axb5 17. Nxb5 O-O 18. Ba3 Rfd8 19. e5 Qxf3 20. gxf3 Ne8 21.
Red1 Ra6 22. exd6 Nxd6 23. Nxd6 Bxd6 24. Rab1 Kf8 25. Rb8 Bxa3 26. Rdxd8+ Ke7
27. Ra8 Rb6 28. Rdb8 Rd6 29. Rxa4 Bc5 30. Rb2 1-0

[Event "3rd NH"]
[Site "Amsterdam NED"]
[Date "2008.08.23"]
[Round "4"]
[White "Caruana, F."]
[Black "Ljubojevic, L."]
[Result "1/2-1/2"]
[WhiteElo "2630"]
[BlackElo "2555"]
[PlyCount "50"]
[EventDate "2008.08.20"]
[SourceDate "1999.07.01"]

1. e4 c5 2. Nf3 d6 3. d4 cxd4 4. Nxd4 Nf6 5. Nc3 a6 6. Be3 e6 7. a4 Nc6 8. Be2
Bd7 9. O-O Be7 10. f4 Nxd4 11. Bxd4 Bc6 12. Qd3 O-O 13. Qg3 g6 14. Bf3 b5 15.
Rad1 b4 16. Na2 Nxe4 17. Qe1 d5 18. Nxb4 Bxa4 19. b3 Be8 20. c4 Rb8 21. Nxa6
Rxb3 22. cxd5 exd5 23. Bxe4 dxe4 24. Qxe4 Bb5 25. Qe5 Bf6 1/2-1/2

[Event "83rd ch-FRA P/O g15+5"]
[Site "Pau FRA"]
[Date "2008.08.23"]
[Round "1"]
[White "Bacrot, E."]
[Black "Vachier Lagrave, M."]
[Result "1-0"]
[WhiteElo "2691"]
[BlackElo "2681"]
[PlyCount "61"]
[EventDate "2008.08.23"]
[SourceDate "1999.07.01"]

1. e4 c5 2. Nf3 d6 3. d4 cxd4 4. Nxd4 Nf6 5. Nc3 a6 6. f4 e5 7. Nf3 Nbd7 8. a4
Be7 9. Bd3 O-O 10. O-O Nc5 11. Kh1 d5 12. Nxe5 Ncxe4 13. Be3 Nxc3 14. bxc3 Ne4
15. c4 Nf6 16. Qf3 dxc4 17. Bxc4 Bf5 18. Qxb7 Be4 19. Qb3 Rb8 20. Nxf7 Rxf7 21.
Bxf7+ Kf8 22. Qa2 Qc8 23. Be6 Qc6 24. Rf2 Qc3 25. Bd2 Qd4 26. Raf1 Bc5 27. Re2
Bc6 28. Be3 Bxg2+ 29. Kxg2 Qe4+ 30. Rf3 Qg6+ 31. Kf1 1-0

[Event "WCh-Junior"]
[Site "Gaziantep TUR"]
[Date "2008.08.11"]
[Round "9"]
[White "Brkic, A."]
[Black "Sjugirov, S."]
[Result "1-0"]
[WhiteElo "2530"]
[BlackElo "2545"]
[PlyCount "113"]
[EventDate "2008.08.03"]
[SourceDate "1999.07.01"]

1. e4 c5 2. Nf3 d6 3. d4 cxd4 4. Nxd4 Nf6 5. Nc3 a6 6. h3 e6 7. g4 d5 8. exd5
Nxd5 9. Bd2 b5 10. Bg2 Bb7 11. O-O Be7 12. Qe1 Qd7 13. Rd1 O-O 14. Nf5 Re8 15.
Nxd5 exd5 16. Bb4 Bf6 17. Qd2 Nc6 18. Qxd5 Qxd5 19. Bxd5 Nxb4 20. Bxb7 Rab8 21.
c3 Nd3 22. Rxd3 Rxb7 23. Rfd1 Rbb8 24. Ne3 Bg5 25. Nd5 Re2 26. f4 Bh4 27. R3d2
Rxd2 28. Rxd2 h6 29. Kg2 g6 30. Kf3 Kg7 31. Nb4 a5 32. Nc6 Ra8 33. Rd7 Ra6 34.
Ne5 Rf6 35. Ke4 Bg3 36. Nd3 Rb6 37. b3 Re6+ 38. Kf3 Bh4 39. c4 bxc4 40. bxc4
Kf8 41. c5 Bf6 42. Rd6 Ke7 43. Rxe6+ Kxe6 44. Ke4 Be7 45. f5+ gxf5+ 46. gxf5+
Kf6 47. a4 h5 48. c6 Bd6 49. Nf4 Kg5 50. Nd5 Kh4 51. c7 Bxc7 52. Nxc7 Kxh3 53.
Kf3 Kh4 54. Kf4 Kh3 55. f6 h4 56. Kf3 Kh2 57. Ne6 1-0

[Event "WCh-Junior"]
[Site "Gaziantep TUR"]
[Date "2008.08.13"]
[Round "11"]
[White "Li Chao2"]
[Black "Negi, P."]
[Result "0-1"]
[WhiteElo "2590"]
[BlackElo "2529"]
[PlyCount "128"]
[EventDate "2008.08.03"]
[SourceDate "1999.07.01"]

1. e4 c5 2. Nf3 d6 3. d4 cxd4 4. Nxd4 Nf6 5. Nc3 a6 6. a4 e5 7. Nf3 Qc7 8. Bg5
Nbd7 9. Nd2 h6 10. Bh4 g5 11. Bg3 Nc5 12. a5 Be6 13. Qf3 Ncd7 14. Bd3 Qc5 15.
Qe2 Rc8 16. h4 g4 17. h5 Be7 18. f3 gxf3 19. gxf3 Rg8 20. Bf2 Qb4 21. Nd1 d5
22. c3 Qd6 23. Ne3 Nc5 24. Nf5 Nxd3+ 25. Qxd3 Bxf5 26. exf5 Rg5 27. O-O-O Qd7
28. Be3 Qxf5 29. Qxf5 Rxf5 30. Bxh6 Nxh5 31. Kb1 Kd7 32. Nf1 Nf6 33. Rh3 Rh8
34. Ne3 Rh5 35. Rxh5 Nxh5 36. Ng4 Ke6 37. Bc1 f5 38. Nf2 Nf6 39. b3 e4 40. Be3
Rh2 41. c4 dxc4 42. fxe4 fxe4 43. bxc4 Bb4 44. Bb6 Rh5 45. Bd4 Bc5 46. Bxf6
Bxf2 47. Bd4 e3 48. Rd3 Kf5 49. Bb6 Ke4 50. Rd7 Bg3 51. Rd4+ Kf3 52. Rd3 Bf4
53. Kb2 Rh2+ 54. Ka3 Rd2 55. Rb3 Bd6+ 56. c5 Bf8 57. Ka4 Ra2+ 58. Kb4 Ke4 59.
Bd8 Rc2 60. Ka4 Rc4+ 61. Rb4 Rxb4+ 62. Kxb4 Kd3 63. Bh4 e2 64. Bf2 Bh6 0-1

[Event "WCh-Junior"]
[Site "Gaziantep TUR"]
[Date "2008.08.15"]
[Round "13"]
[White "Safarli, E."]
[Black "Rodshtein, M."]
[Result "1/2-1/2"]
[WhiteElo "2527"]
[BlackElo "2605"]
[PlyCount "154"]
[EventDate "2008.08.03"]
[SourceDate "1999.07.01"]

1. e4 c5 2. Nf3 d6 3. d4 cxd4 4. Nxd4 Nf6 5. Nc3 a6 6. Bg5 e6 7. f4 Nbd7 8. Qf3
Qc7 9. O-O-O b5 10. Bd3 Bb7 11. Rhe1 Qb6 12. Nd5 Qxd4 13. Bxf6 gxf6 14. Bxb5
Qc5 15. Nxf6+ Kd8 16. Nxd7 Qxb5 17. Nxf8 Rxf8 18. Qa3 Ke8 19. Qxd6 Qc6 20. Qd2
Qc7 21. f5 Rg8 22. g3 Rc8 23. c3 Rd8 24. Qh6 Rxd1+ 25. Rxd1 Qe7 26. fxe6 fxe6
27. Qh5+ Rg6 28. Rd2 e5 29. Qd1 Rf6 30. Qa4+ Kf8 31. Rd7 Bc6 32. Rxe7 Bxa4 33.
Rxe5 Rf1+ 34. Kd2 Rf2+ 35. Kc1 Rxh2 36. Ra5 Bb5 37. b3 Rh6 38. c4 Bd7 39. Kd2
Rg6 40. b4 Bc8 41. Ra3 Ke7 42. Re3 Bd7 43. Kc3 Rd6 44. Re1 Rg6 45. Re3 Rf6 46.
Kd4 Kd8 47. e5 Rg6 48. Kc5 Rc6+ 49. Kd4 Kc7 50. Re4 Rg6 51. Rh4 h6 52. Kc5 Bg4
53. a4 h5 54. b5 Rg5 55. Kd4 axb5 56. axb5 Kb6 57. Rh2 Rg8 58. Rf2 Rd8+ 59. Kc3
Rd1 60. Rf6+ Kc7 61. Kb4 Re1 62. Rf7+ Kc8 63. Rf8+ Kd7 64. b6 Kc6 65. Rf6+ Kb7
66. c5 Rb1+ 67. Kc4 Rc1+ 68. Kd4 Rd1+ 69. Ke4 Bd7 70. e6 Re1+ 71. Kd5 Bc6+ 72.
Kd6 Rd1+ 73. Ke7 Rd5 74. Kf8 Rxc5 75. e7 Ba4 76. e8=Q Bxe8 77. Kxe8 Rg5 1/2-1/2

[Event "Acropolis Open"]
[Site "Athens GRE"]
[Date "2008.08.17"]
[Round "9"]
[White "Salgado Lopez, I."]
[Black "Banikas, H."]
[Result "1/2-1/2"]
[WhiteElo "2532"]
[BlackElo "2571"]
[PlyCount "37"]
[EventDate "2008.08.09"]
[SourceDate "1999.07.01"]

1. e4 c5 2. Nf3 d6 3. d4 cxd4 4. Nxd4 Nf6 5. Nc3 a6 6. Bc4 e6 7. a4 Be7 8. O-O
O-O 9. Kh1 Nc6 10. Ba2 Qb6 11. Nde2 Rd8 12. Ng3 d5 13. exd5 Nb4 14. Bb3 Nbxd5
15. Nxd5 Nxd5 16. Qe2 Qc6 17. a5 b5 18. axb6 Nxb6 19. Bd2 1/2-1/2

[Event "Najdorf Memorial A"]
[Site "Warsaw POL"]
[Date "2008.08.07"]
[Round "6"]
[White "Socko, B."]
[Black "Berg, E."]
[Result "1/2-1/2"]
[WhiteElo "2627"]
[BlackElo "2592"]
[PlyCount "72"]
[EventDate "2008.08.02"]
[SourceDate "1999.07.01"]

1. e4 c5 2. Nf3 d6 3. d4 cxd4 4. Nxd4 Nf6 5. Nc3 a6 6. Be2 e5 7. Nb3 Be7 8. O-O
O-O 9. Kh1 Nc6 10. f3 Be6 11. Nd5 a5 12. Be3 a4 13. Nc1 Bxd5 14. exd5 Nd4 15.
Bxd4 exd4 16. Qxd4 Nd7 17. Rb1 Bf6 18. Qd2 Qc7 19. c4 Rfe8 20. Bd3 Ne5 21. b3
axb3 22. axb3 g6 23. Ne2 Qa5 24. Qd1 Qb4 25. Ng3 Bg7 26. Re1 Ra2 27. Re2 Rea8
28. f4 Nd7 29. Rxa2 Rxa2 30. Bf1 Nc5 31. Qf3 Ra1 32. Rxa1 Bxa1 33. Qe3 Bg7 34.
h4 Kf8 35. h5 Qxb3 36. Qxb3 Ke8 1/2-1/2

[Event "WCh-Junior"]
[Site "Gaziantep TUR"]
[Date "2008.08.04"]
[Round "3"]
[White "Brkic, A."]
[Black "Hou Yifan"]
[Result "1/2-1/2"]
[WhiteElo "2530"]
[BlackElo "2557"]
[PlyCount "53"]
[EventDate "2008.08.03"]
[SourceDate "1999.07.01"]

1. e4 c5 2. Nf3 d6 3. d4 cxd4 4. Nxd4 Nf6 5. Nc3 a6 6. Be3 e5 7. Nf3 Be7 8. Bc4
O-O 9. O-O Nc6 10. Bg5 Be6 11. Bb3 Nd7 12. Bxe7 Qxe7 13. Nd5 Qd8 14. Qe2 Na5
15. Rad1 Rc8 16. Ne3 Nxb3 17. axb3 Qe7 18. Rd2 Nc5 19. Nd5 Bxd5 20. Rxd5 Ne6
21. g3 f5 22. exf5 Rxf5 23. Nd4 Nxd4 24. Rxd4 Rcf8 25. Qe4 R5f6 26. Rd2 h6 27.
Re1 1/2-1/2

[Event "WCh-Junior"]
[Site "Gaziantep TUR"]
[Date "2008.08.06"]
[Round "5"]
[White "Li Chao2"]
[Black "Brkic, A."]
[Result "1-0"]
[WhiteElo "2590"]
[BlackElo "2530"]
[PlyCount "81"]
[EventDate "2008.08.03"]
[SourceDate "1999.07.01"]

1. e4 c5 2. Nf3 d6 3. d4 cxd4 4. Nxd4 Nf6 5. Nc3 a6 6. f4 e5 7. Nf3 Nbd7 8. a4
Be7 9. Bd3 O-O 10. O-O Nc5 11. Kh1 exf4 12. Bxf4 Bg4 13. Qd2 Rc8 14. Be3 Bh5
15. Nd4 Bg6 16. Nf5 Re8 17. Bd4 Bxf5 18. Rxf5 Ne6 19. Bg1 Ng4 20. Nd5 Ne5 21.
Qb4 Nc5 22. Rd1 Rb8 23. a5 Bf8 24. Qe1 Re6 25. b4 Ncd7 26. Bd4 g6 27. Rf1 Bg7
28. Qf2 Rc8 29. c3 Re8 30. Bc2 Rf8 31. Qg3 Kh8 32. Bb3 Nb8 33. Nb6 Rc7 34. Bc5
dxc5 35. Rxd8 Rxd8 36. Qh4 Nbc6 37. bxc5 Rd3 38. Nd5 Rc8 39. Qf4 f5 40. exf5
gxf5 41. Bc2 1-0

[Event "XXIII Rapid Open"]
[Site "Villarrobledo ESP"]
[Date "2008.08.03"]
[Round "8"]
[White "Ponomariov, R."]
[Black "Palac, M."]
[Result "1/2-1/2"]
[WhiteElo "2718"]
[BlackElo "2587"]
[PlyCount "144"]
[EventDate "2008.08.02"]
[SourceDate "1999.07.01"]

1. e4 c5 2. Nf3 d6 3. d4 cxd4 4. Nxd4 Nf6 5. Nc3 a6 6. Be3 e6 7. g4 h6 8. Bg2
e5 9. Nf5 g6 10. Qe2 gxf5 11. exf5 Rg8 12. h3 Qc7 13. f4 Bd7 14. O-O-O Bc6 15.
fxe5 dxe5 16. Bb6 Qxb6 17. Qxe5+ Be7 18. Rhe1 Qb4 19. Bxc6+ Nxc6 20. Qxf6 Qf4+
21. Kb1 Kf8 22. Rxe7 Nxe7 23. Qxe7+ Kxe7 24. Nd5+ Kd6 25. Nxf4+ Ke5 26. Nd3+
Kf6 27. Nc5 Rad8 28. Rg1 Rd5 29. Ne4+ Ke7 30. Ng3 Re5 31. Kc1 Rd8 32. b3 Rd4
33. Rf1 Kf6 34. Rf3 Kg5 35. Rc3 Kh4 36. Nh5 Rde4 37. Nf6 Re3 38. Rc8 Rxh3 39.
Rc7 Kg5 40. Rxf7 Re2 41. Nd5 Rhh2 42. Rg7+ Kh4 43. Rc7 Kxg4 44. f6 Rhf2 45. Kb2
h5 46. Rg7+ Kf5 47. f7 Ke6 48. f8=Q Rxf8 49. Re7+ Kxd5 50. Rxe2 h4 51. Kc3 h3
52. Rh2 Rf3+ 53. Kb4 b6 54. c4+ Kc6 55. a3 Rg3 56. Rh1 a5+ 57. Ka4 Kc5 58. Rh2
Kd4 59. Rh1 Rc3 60. Rh2 Ke4 61. b4 axb4 62. axb4 Kf4 63. Kb5 Kg3 64. Rh1 h2 65.
Kxb6 Rxc4 66. b5 Kg2 67. Rxh2+ Kxh2 68. Ka7 Ra4+ 69. Kb7 Kg3 70. b6 Kf4 71. Kc7
Rc4+ 72. Kd7 Ke4 1/2-1/2

[Event "15th Ordix Open"]
[Site "Mainz GER"]
[Date "2008.08.03"]
[Round "6"]
[White "Najer, E."]
[Black "Nepomniachtchi, I."]
[Result "0-1"]
[WhiteElo "2670"]
[BlackElo "2602"]
[PlyCount "86"]
[EventDate "2008.08.02"]
[SourceDate "1999.07.01"]

1. e4 c5 2. Nf3 d6 3. d4 cxd4 4. Nxd4 Nf6 5. Nc3 a6 6. Bg5 e6 7. f4 Qb6 8. Qd2
Qxb2 9. Rb1 Qa3 10. e5 h6 11. Bh4 dxe5 12. fxe5 Nfd7 13. Ne4 Qxa2 14. Rd1 Qd5
15. Qe3 Qxe5 16. Be2 Bc5 17. Bg3 Bxd4 18. Rxd4 Qa5+ 19. Rd2 O-O 20. Bd6 Nc6 21.
O-O f5 22. Bxf8 Nxf8 23. Nd6 Ne5 24. Kh1 Nfg6 25. Nc4 Nxc4 26. Bxc4 Kh7 27. Bb3
Ne5 28. h3 Bd7 29. Rd6 Rc8 30. Re1 Nc4 31. Bxc4 Rxc4 32. Rxd7 Re4 33. Qxe4 fxe4
34. Rxe4 Qb5 35. Rc7 Qb6 36. Rec4 Qf2 37. Re4 b5 38. Rc6 a5 39. Rexe6 a4 40.
Re7 a3 41. Rcc7 Qf6 42. Ra7 a2 43. c3 Qxe7 0-1

[Event "15th Ordix Open"]
[Site "Mainz GER"]
[Date "2008.08.03"]
[Round "8"]
[White "Kosteniuk, A."]
[Black "Kazhgaleyev, M."]
[Result "1-0"]
[WhiteElo "2510"]
[BlackElo "2641"]
[PlyCount "132"]
[EventDate "2008.08.02"]
[SourceDate "1999.07.01"]

1. e4 c5 2. Nf3 d6 3. d4 cxd4 4. Nxd4 Nf6 5. Nc3 a6 6. Bg5 e6 7. f4 Qc7 8. Bxf6
gxf6 9. Qd2 Nc6 10. Be2 h5 11. O-O-O Bd7 12. Kb1 O-O-O 13. Rhf1 Be7 14. Rf3 Kb8
15. Nb3 Na5 16. Nxa5 Qxa5 17. Rh3 Rdg8 18. Bf3 Rc8 19. Qe1 Qc5 20. Qe2 b5 21.
a3 h4 22. Qd2 Bc6 23. f5 Bb7 24. Ne2 Qe5 25. Nf4 Bxe4 26. Bxe4 Qxe4 27. fxe6
fxe6 28. Qf2 Kb7 29. Re3 Rxc2 30. Qxc2 Qxe3 31. Rc1 Rb8 32. Qc7+ Ka8 33. Qxe7
Qxf4 34. Qxe6 Qe5 35. Qd7 Rb7 36. Qc6 Ka7 37. Rd1 Qf5+ 38. Ka1 Rd7 39. Rc1 Qe6
40. Qc8 Qe7 41. Rc6 Rb7 42. Qg4 Qe1+ 43. Ka2 Qe5 44. Qf3 Qd4 45. Rc3 b4 46.
axb4 Qxb4 47. Qf2+ Kb8 48. Qc2 d5 49. Rc8+ Ka7 50. Rc3 d4 51. Ra3 Qb5 52. Qd2
Qc4+ 53. Kb1 Re7 54. Rf3 Re2 55. Qd1 Re6 56. Rd3 Rd6 57. Qe2 Rb6 58. Qd2 Rd6
59. Qe2 Rd7 60. b3 Qc5 61. Kb2 f5 62. Qf2 Qe5 63. g3 h3 64. Qf4 Qe4 65. Qd2 Qg2
66. Ka3 Qxd2 1-0

[Event "15th Ordix Open"]
[Site "Mainz GER"]
[Date "2008.08.03"]
[Round "9"]
[White "Fressinet, L."]
[Black "Kosteniuk, A."]
[Result "1-0"]
[WhiteElo "2673"]
[BlackElo "2510"]
[PlyCount "51"]
[EventDate "2008.08.02"]
[SourceDate "1999.07.01"]

1. e4 c5 2. Nf3 d6 3. d4 cxd4 4. Nxd4 Nf6 5. Nc3 a6 6. h3 Nc6 7. g4 e5 8. Nde2
Be6 9. Bg2 Be7 10. Be3 b5 11. Nd5 Bxd5 12. exd5 Na5 13. b3 Qc7 14. O-O O-O 15.
f4 exf4 16. Bxf4 Nd7 17. g5 f6 18. g6 hxg6 19. Nd4 Rfc8 20. Kh1 Ne5 21. Nc6
Naxc6 22. dxc6 Nxc6 23. Qg4 Nd8 24. Bd5+ Kf8 25. Qxg6 Qc3 26. Qh5 1-0

[Event "15th Ordix Open"]
[Site "Mainz GER"]
[Date "2008.08.03"]
[Round "10"]
[White "Kasimdzhanov, R."]
[Black "Nepomniachtchi, I."]
[Result "1-0"]
[WhiteElo "2679"]
[BlackElo "2602"]
[PlyCount "140"]
[EventDate "2008.08.02"]
[SourceDate "1999.07.01"]

1. e4 c5 2. Nf3 d6 3. d4 cxd4 4. Nxd4 Nf6 5. Nc3 a6 6. Be3 e5 7. Nf3 Be7 8. Bc4
O-O 9. O-O Nc6 10. Qe2 Be6 11. Rfd1 Rc8 12. Bd5 Qd7 13. a3 Bd8 14. Bxe6 fxe6
15. Qd3 Bc7 16. h3 Rcd8 17. Bg5 h6 18. Bxf6 Rxf6 19. Nh2 Rdf8 20. f3 Rg6 21.
Kh1 Qe7 22. Qd2 Qh4 23. Rf1 h5 24. Rad1 Bb6 25. Ne2 Kh7 26. c3 Bc7 27. b4 Bb8
28. a4 Ne7 29. f4 Kg8 30. Nf3 Qf6 31. fxe5 dxe5 32. Nh2 Nf5 33. exf5 exf5 34.
Qe3 e4 35. Rd5 Qe6 36. c4 Qc8 37. Rc5 Qd7 38. Nf4 Rh6 39. h4 Ba7 40. Rd5 Qxd5
41. Nxd5 Bxe3 42. Nxe3 Rd6 43. Nxf5 Rdf6 44. Ne3 Rxf1+ 45. Nhxf1 g6 46. Kg1 Rd8
47. Kf2 Kf7 48. Kg3 Rd3 49. Kf4 Ra3 50. a5 Ra1 51. Nd2 Ra4 52. Nd5 Ra2 53. Ke3
Ke6 54. Nxe4 Ke5 55. g3 Ra3+ 56. Nec3 Ra1 57. Kd3 Rg1 58. Ne4 Ra1 59. Nec3 Rg1
60. Ne2 Rd1+ 61. Ke3 Ra1 62. Nef4 Re1+ 63. Kd2 Rg1 64. Nxg6+ Kd4 65. Ne3 Ke4
66. Nf4 Rxg3 67. Ned5 Rf3 68. Nxh5 Rf2+ 69. Kc3 Rf3+ 70. Kb2 Rf2+ 1-0

[Event "41st Festival GM Playoff"]
[Site "Biel SUI"]
[Date "2008.07.31"]
[Round "3"]
[White "Alekseev, Evgeny"]
[Black "Dominguez Perez, L."]
[Result "1/2-1/2"]
[WhiteElo "2708"]
[BlackElo "2708"]
[PlyCount "95"]
[EventDate "2008.07.31"]
[SourceDate "1999.07.01"]

1. e4 c5 2. Nf3 d6 3. d4 cxd4 4. Nxd4 Nf6 5. Nc3 a6 6. Be2 e5 7. Nb3 Be7 8. O-O
O-O 9. Bf3 b5 10. a4 b4 11. Nd5 Nxd5 12. Qxd5 Ra7 13. Be3 Be6 14. Qd3 Rd7 15.
Rfd1 Qc7 16. Nd2 Rfd8 17. a5 Rc8 18. Rdc1 Qb7 19. c3 d5 20. exd5 Bxd5 21. Bxd5
Rxd5 22. Qe4 bxc3 23. bxc3 Qc6 24. Rab1 Nd7 25. c4 Nf6 26. Qf5 Rxa5 27. Nb3 Ra4
28. c5 Nd5 29. Bd2 g6 30. Qxe5 Bf6 31. Qd6 Be7 32. Qg3 Bd8 33. Qd6 Be7 34. Qg3
Bd8 35. Qf3 Bc7 36. g3 Ne7 37. Qxc6 Nxc6 38. Bh6 Rb4 39. Nd2 Rxb1 40. Rxb1 f5
41. Nc4 Rb8 42. Rd1 Rd8 43. Rb1 Rb8 44. Re1 Kf7 45. Nd6+ Bxd6 46. cxd6 Rd8 47.
Bf4 Rd7 48. h4 1/2-1/2

[Event "41st Festival MTO"]
[Site "Biel SUI"]
[Date "2008.07.29"]
[Round "8"]
[White "Smirin, I."]
[Black "Belov, Vl"]
[Result "0-1"]
[WhiteElo "2637"]
[BlackElo "2561"]
[PlyCount "88"]
[EventDate "2008.07.21"]
[SourceDate "1999.07.01"]

1. e4 c5 2. Nf3 d6 3. d4 cxd4 4. Nxd4 Nf6 5. Nc3 a6 6. g3 e5 7. Nb3 Be7 8. Bg2
b5 9. a4 b4 10. Nd5 Nxd5 11. Qxd5 Ra7 12. Be3 Be6 13. Qd3 Ra8 14. O-O O-O 15.
f4 Qc7 16. Nd2 a5 17. Rf2 exf4 18. gxf4 Nd7 19. Bd4 Bh4 20. Re2 Rac8 21. Nf3
Bf6 22. Rd2 Bc4 23. Qe3 Rfe8 24. Rad1 Bd5 25. Bxf6 Nxf6 26. Rxd5 Nxd5 27. Rxd5
Qxc2 28. Rd2 Qxe4 29. Qxe4 Rxe4 30. Kf2 b3 31. Nd4 Rxf4+ 32. Ke3 g5 33. Bd5 Rb8
34. Kd3 Rb4 35. Kc3 Rxa4 36. Nxb3 Kg7 37. Re2 Rab4 38. Re7 Rb5 39. Bc4 Rf3+ 40.
Kc2 Rb4 41. Nxa5 Ra4 42. Be2 Rf2 43. Nb3 Rxh2 44. Nd2 Rf4 0-1

[Event "83rd ch-ARG"]
[Site "La Plata ARG"]
[Date "2008.08.01"]
[Round "3"]
[White "Felgaer, R."]
[Black "Ricardi, P."]
[Result "1-0"]
[WhiteElo "2566"]
[BlackElo "2515"]
[PlyCount "77"]
[EventDate "2008.07.30"]
[SourceDate "1999.07.01"]

1. e4 c5 2. Nf3 d6 3. d4 cxd4 4. Nxd4 Nf6 5. Nc3 a6 6. Be3 e5 7. Nb3 Be6 8. Qd2
Nbd7 9. O-O-O b5 10. f4 Rb8 11. Kb1 Be7 12. f5 Bc4 13. g4 h6 14. Qg2 Qc7 15. h4
Bxf1 16. Rdxf1 b4 17. Nd5 Nxd5 18. exd5 Rb5 19. g5 Qc4 20. Nd2 Qxd5 21. Ne4 Kd8
22. Rd1 Qc6 23. f6 gxf6 24. gxh6 Bf8 25. h5 Kc7 26. Qg4 d5 27. Ng3 d4 28. Bc1
Nb6 29. Ne4 Nd5 30. h7 Nc3+ 31. Nxc3 bxc3 32. b3 d3 33. Rh2 d2 34. Bxd2 Rxh7
35. Qg8 Qf3 36. Rhh1 cxd2 37. Qxh7 Bb4 38. Qxf7+ Kb8 39. h6 1-0

[Event "Baltic Sea Cup"]
[Site "Bornholm DEN"]
[Date "2008.08.03"]
[Round "7"]
[White "Savchenko, B."]
[Black "Kuzubov, Y."]
[Result "1-0"]
[WhiteElo "2578"]
[BlackElo "2578"]
[PlyCount "53"]
[EventDate "2008.07.29"]
[SourceDate "1999.07.01"]

1. e4 c5 2. Nc3 d6 3. Nge2 Nf6 4. d4 cxd4 5. Nxd4 a6 6. Bg5 e6 7. f4 Nbd7 8.
Bc4 b5 9. Bxe6 fxe6 10. Nxe6 Qb6 11. Nd5 Nxd5 12. Qxd5 Qe3+ 13. Kf1 Nb6 14.
Nc7+ Kd7 15. Qf7+ Kc6 16. Nxa8 Nxa8 17. Qd5+ Kc7 18. Qxa8 Be6 19. b3 Be7 20.
Qxh8 Bh3 21. gxh3 Qf3+ 22. Ke1 Qxe4+ 23. Kf2 Qxc2+ 24. Kg1 Qc5+ 25. Kf1 Qc3 26.
Qa8 Qd3+ 27. Kg2 1-0

[Event "Politiken Cup"]
[Site "Helsingor DEN"]
[Date "2008.07.21"]
[Round "4"]
[White "Landa, K."]
[Black "Hillarp Persson, T."]
[Result "1-0"]
[WhiteElo "2615"]
[BlackElo "2526"]
[PlyCount "93"]
[EventDate "2008.07.19"]
[SourceDate "1999.07.01"]

1. e4 c5 2. Nf3 d6 3. d4 cxd4 4. Nxd4 Nf6 5. Nc3 a6 6. Be2 e5 7. Nb3 Be7 8. O-O
O-O 9. Re1 Be6 10. Bf3 Qc7 11. a4 Nbd7 12. a5 Rfc8 13. Be3 h6 14. h3 b5 15.
axb6 Nxb6 16. Na5 Nbd7 17. Bd2 Bd8 18. Ra3 Nb8 19. Qe2 Nc6 20. Nxc6 Qxc6 21. b3
a5 22. Ra2 Rab8 23. Rd1 Bb6 24. Na4 Bc7 25. Qd3 d5 26. exd5 Bxd5 27. Bxd5 Nxd5
28. Qf3 Rd8 29. Be1 Ne7 30. Qxc6 Nxc6 31. Rxd8+ Rxd8 32. Kf1 f5 33. Nb2 e4 34.
Nc4 Kf7 35. Ra4 Rd5 36. Ne3 Rc5 37. c4 Ke6 38. Bd2 g5 39. Nd5 Be5 40. g3 Bd4
41. Nc7+ Kf6 42. Nb5 f4 43. Nxd4 Nxd4 44. Bc3 Ke5 45. gxf4+ gxf4 46. Ra1 e3 47.
f3 1-0

[Event "Politiken Cup"]
[Site "Helsingor DEN"]
[Date "2008.07.23"]
[Round "6"]
[White "Savchenko, B."]
[Black "Aagaard, J."]
[Result "1-0"]
[WhiteElo "2578"]
[BlackElo "2531"]
[PlyCount "57"]
[EventDate "2008.07.19"]
[SourceDate "1999.07.01"]

1. e4 c5 2. Nf3 d6 3. d4 cxd4 4. Nxd4 Nf6 5. Nc3 a6 6. Bg5 e6 7. f4 Be7 8. Qe2
h6 9. Bxf6 Bxf6 10. O-O-O Qa5 11. Qd3 Be7 12. h4 Bd7 13. Nb3 Qb6 14. Qg3 Rg8
15. f5 Nc6 16. fxe6 fxe6 17. Na4 Qb4 18. Nac5 g5 19. a3 Qb6 20. Nxd7 Kxd7 21.
hxg5 Rxg5 22. Qc3 Rc8 23. Bc4 Qf2 24. Bxe6+ Kxe6 25. Qh3+ Ke5 26. Rd5+ Kxe4 27.
Qd3+ Kf4 28. Rh4+ Qxh4 29. Qf3# 1-0

[Event "19th Czech Chladek & Tintera A Open"]
[Site "Pardubice CZE"]
[Date "2008.07.22"]
[Round "5"]
[White "Kononenko, Dmitry1"]
[Black "Korobov, A."]
[Result "1/2-1/2"]
[WhiteElo "2502"]
[BlackElo "2590"]
[PlyCount "30"]
[EventDate "2008.07.18"]
[SourceDate "1999.07.01"]

1. e4 c5 2. Nf3 d6 3. d4 cxd4 4. Nxd4 Nf6 5. Nc3 a6 6. Be2 e6 7. O-O Be7 8. f4
O-O 9. a4 Nc6 10. Be3 Qc7 11. Kh1 Bd7 12. Nb3 Nb4 13. a5 Rac8 14. Bb6 Qb8 15.
Bf3 e5 1/2-1/2

[Event "19th Czech Chladek & Tintera A Open"]
[Site "Pardubice CZE"]
[Date "2008.07.22"]
[Round "5"]
[White "Geller, J."]
[Black "Babula, V."]
[Result "1/2-1/2"]
[WhiteElo "2510"]
[BlackElo "2597"]
[PlyCount "27"]
[EventDate "2008.07.18"]
[SourceDate "1999.07.01"]

1. e4 c5 2. Nf3 d6 3. d4 cxd4 4. Nxd4 Nf6 5. Nc3 a6 6. Be2 e5 7. Nb3 Be7 8. O-O
Be6 9. f4 Qc7 10. f5 Bc4 11. Bxc4 Qxc4 12. Qd3 Qxd3 13. cxd3 Nbd7 14. Be3
1/2-1/2

[Event "19th Czech Chladek & Tintera A Open"]
[Site "Pardubice CZE"]
[Date "2008.07.24"]
[Round "7"]
[White "Smirnov, P."]
[Black "Vorobiov, E."]
[Result "0-1"]
[WhiteElo "2592"]
[BlackElo "2550"]
[PlyCount "42"]
[EventDate "2008.07.18"]
[SourceDate "1999.07.01"]

1. e4 c5 2. Nf3 d6 3. d4 cxd4 4. Nxd4 Nf6 5. Nc3 a6 6. Be3 e6 7. g4 e5 8. Nf5
g6 9. g5 gxf5 10. exf5 d5 11. Qf3 d4 12. O-O-O Nbd7 13. Bc4 Qc7 14. Bxd4 Qxc4
15. gxf6 exd4 16. Qe4+ Kd8 17. Rxd4 Qc6 18. Nd5 Bh6+ 19. Kb1 Re8 20. Qh4 Re2
21. c4 Qa4 0-1